[Event "AUTO-ADV-1438"]
[Site "http://www.queenalice.com/game.php?id=635985"]
[Date "2009.8.13"]
[Round "1"]
[White "schachmattorwieorwatt"]
[Black "Stefan179"]
[Result "0-1"]
[WhiteElo "1462"]
[BlackElo "1857"]

1. d4 g6 2. Nf3 Bg7 3. e4 c5 4. Bc4 cxd4 5. Ng5 e6 6. O-O Qc7 7. Bb3 Ne7 8. Qf3
f6 9. Nh3 e5 10. Qe2 d6 11. Ba4+ Nbc6 12. a3 Bxh3 13. Qf3 Be6 14. b4 O-O-O 15.
Nd2 f5 0-1

[Event "AUTO-ADV-1438"]
[Site "http://www.queenalice.com/game.php?id=635986"]
[Date "2009.8.13"]
[Round "1"]
[White "Stefan179"]
[Black "schachmattorwieorwatt"]
[Result "1-0"]
[WhiteElo "1857"]
[BlackElo "1462"]

1. c4 c5 2. g3 Nc6 3. Bg2 e5 4. Nc3 Nf6 5. e3 Be7 6. Nge2 O-O 7. O-O b6 8. d4
exd4 9. exd4 Rb8 10. d5 Na5 11. d6 Bb7 12. dxe7 Qxe7 13. Bf4 d6 14. Bxd6 Qd7 15.
Bxb8 Qxd1 16. Raxd1 1-0

[Event "AUTO-ADV-1438"]
[Site "http://www.queenalice.com/game.php?id=635995"]
[Date "2009.8.13"]
[Round "1"]
[White "serrameira"]
[Black "Stefan179"]
[Result "0-1"]
[WhiteElo "1784"]
[BlackElo "1784"]

1. e4 g6 2. Nc3 Bg7 3. d4 c5 4. Be3 Qa5 5. Qd2 cxd4 6. Bxd4 Bxd4 7. Nge2 Bg7 8.
O-O-O Nf6 9. Kb1 O-O 10. f4 d6 11. Nd5 Qxd2 12. Nxe7+ Kh8 13. Rxd2 Nxe4 14. Rd1
Nf2 15. Nd5 Nxd1 16. Nc7 Na6 17. Nxa8 Be6 18. Nd4 Nf2 19. Nxe6 fxe6 20. Rg1 Rxa8
21. Bxa6 bxa6 22. Re1 e5 23. fxe5 Bxe5 24. h3 Rf8 25. b3 Ne4 26. c4 Nc3+ 27. Kb2
Rf2+ 0-1

[Event "AUTO-ADV-1438"]
[Site "http://www.queenalice.com/game.php?id=635996"]
[Date "2009.8.13"]
[Round "1"]
[White "Stefan179"]
[Black "serrameira"]
[Result "1-0"]
[WhiteElo "1825"]
[BlackElo "1810"]

1. c4 Nf6 2. g3 d5 3. cxd5 Qxd5 4. Nf3 Bg4 5. Nc3 Qc6 6. Bg2 e5 7. O-O e4 8. Ne5
Qe6 9. Nxg4 Qxg4 10. Qc2 c6 11. h3 Qg6 12. Nxe4 Nxe4 13. Qxe4+ Qxe4 14. Bxe4 Nd7
15. b3 Bc5 16. Bb2 f6 17. d4 Bb6 18. b4 O-O-O 19. Rac1 g6 20. d5 f5 21. Bxh8
fxe4 22. Bb2 c5 23. Ba3 Kb8 24. bxc5 Ba5 25. Bb2 Rc8 26. Bd4 Rf8 27. Rb1 b6 28.
c6 Nf6 29. Bxf6 Rxf6 30. Rfd1 Kc7 31. Rd4 Rd6 32. Rbd1 Rf6 33. d6+ Kxc6 34. d7
b5 35. d8=Q Bxd8 36. Rxd8 a5 37. Re8 a4 38. Rxe4 h5 39. Re5 Rf5 40. Rdd5 Rxe5
41. Rxe5 1-0

[Event "AUTO-ADV-1438"]
[Site "http://www.queenalice.com/game.php?id=744672"]
[Date "2010.3.11"]
[Round "2"]
[White "Stefan179"]
[Black "boydelta"]
[Result "1-0"]
[WhiteElo "1905"]
[BlackElo "2084"]

1. e4 d5 2. exd5 Qxd5 3. Nc3 Qa5 4. d4 c6 5. Nf3 Nf6 6. Bd2 g6 7. Bc4 Qc7 8. Ng5
e6 9. Qf3 Bg7 10. Bf4 Qe7 11. Nce4 Nxe4 12. Nxe4 Qb4+ 13. c3 Qxb2 14. Nd6+ Kd7
15. O-O Rf8 16. Rab1 Qa3 17. Nxb7 Bxb7 18. Rxb7+ Kc8 19. Rfb1 e5 20. Rxb8+ Kc7
21. R8b7+ Kd6 22. dxe5+ Bxe5 23. Qd3+ 1-0

[Event "AUTO-ADV-1438"]
[Site "http://www.queenalice.com/game.php?id=744673"]
[Date "2010.3.11"]
[Round "2"]
[White "boydelta"]
[Black "Stefan179"]
[Result "0-1"]
[WhiteElo "2234"]
[BlackElo "1928"]

1. e4 c5 2. Nf3 e6 3. c3 Nf6 4. Bd3 d5 5. e5 Nfd7 6. Bc2 d4 7. O-O Nc6 8. Re1 g5
9. h3 a6 10. d3 h6 11. Re4 Bg7 12. cxd4 cxd4 13. Nxd4 Ncxe5 14. Nb3 b5 15. Nc3
Bb7 16. Re1 O-O 17. f4 gxf4 18. Bxf4 Qh4 19. Bh2 Nc6 20. Re4 Qd8 21. a3 Qb6+ 22.
Kh1 Nd4 23. Rg4 Nxc2 24. Qxc2 Rac8 25. Qd2 f5 26. Bg1 Qd6 27. Bh2 Qe7 28. Rg3
Kh7 29. Re3 f4 30. Ree1 Bxc3 31. bxc3 f3 32. Nd4 fxg2+ 33. Kg1 Rf6 34. Bg3 Rcf8
35. Qe2 Qg7 36. Kh2 Qf7 37. Rg1 Nc5 38. Rae1 Rf1 39. Qe3 Rxe1 40. Bxe1 Qf4+ 41.
Qg3 e5 42. Ne2 Qxg3+ 43. Nxg3 Nxd3 44. Bd2 Rf2 45. Be3 Rc2 46. a4 bxa4 47. Nf5
a3 48. Kg3 a2 49. Rd1 Rc1 50. Bxc1 a1=Q 0-1

[Event "AUTO-ADV-1438"]
[Site "http://www.queenalice.com/game.php?id=744674"]
[Date "2010.3.11"]
[Round "2"]
[White "Stefan179"]
[Black "Larbac"]
[Result "1-0"]
[WhiteElo "1858"]
[BlackElo "2057"]

1. e4 c5 2. Nc3 Nc6 3. g3 Nf6 4. Bg2 d6 5. d3 h6 6. f4 e5 7. Nf3 Be6 8. O-O Qd7
9. f5 Nd4 10. fxe6 Qxe6 11. Nxd4 cxd4 12. Nd5 O-O-O 13. Nxf6 gxf6 14. Qh5 Kb8
15. Bd2 b6 16. c3 Bg7 17. Bh3 Qe8 18. cxd4 Qa4 19. Qe2 h5 20. b3 Qb5 21. d5 Bh6
22. Bxh6 Rxh6 23. Qe3 Rg6 24. Rac1 Qb4 25. Rc2 h4 26. g4 Qb5 27. Rcf2 Qa5 28.
Qd2 Qc5 29. Rc1 Qb5 30. Qc2 Qc5 31. Qxc5 bxc5 32. Rcf1 1-0

[Event "AUTO-ADV-1438"]
[Site "http://www.queenalice.com/game.php?id=744675"]
[Date "2010.3.11"]
[Round "2"]
[White "Larbac"]
[Black "Stefan179"]
[Result "0-1"]
[WhiteElo "2059"]
[BlackElo "1882"]

1. e4 c5 2. Nf3 e6 3. d4 cxd4 4. Nxd4 a6 5. Nc3 Qc7 6. Be3 Bb4 7. Qd3 Nf6 8. f3
d5 9. Bd2 dxe4 10. fxe4 Nbd7 11. O-O-O Nc5 12. Qf3 Bxc3 13. Qxc3 Nfxe4 14. Qf3
b5 15. b4 Bb7 16. bxc5 Nxd2 17. Qe3 Ne4 18. Nb3 Bd5 19. Kb2 O-O-O 20. Be2 Rd7
21. Bf3 Nf6 22. Bxd5 Nxd5 23. Qe4 Rhd8 24. g3 Kb8 25. Rd3 a5 26. c4 Nf6 27. Rxd7
Rxd7 28. Qe2 a4 29. cxb5 axb3 30. c6 Rd5 31. axb3 Qa5 32. Rd1 Qxb5 33. Qxb5+
Rxb5 34. Rd8+ Kc7 0-1

[Event "AUTO-MASTER-1731"]
[Site "http://www.queenalice.com/game.php?id=1102640"]
[Date "2012.9.13"]
[Round "1"]
[White "Stefan179"]
[Black "hba111"]
[Result "0-1"]
[WhiteElo "1994"]
[BlackElo "2411"]

1. d4 d5 2. c4 dxc4 3. e3 c5 4. Nf3 cxd4 5. Bxc4 e6 6. exd4 Nf6 7. O-O Bd6 8.
Bg5 O-O 9. Nc3 Nc6 10. Re1 h6 11. Bh4 g5 12. Bg3 Bxg3 13. fxg3 a6 14. a4 Kg7 15.
Rf1 Qb6 16. Qe2 g4 17. Ne1 Qxd4+ 18. Kh1 Qe5 19. Qf2 Rd8 20. Nd3 Qd4 21. Qf4
Qxf4 0-1

[Event "AUTO-MASTER-1731"]
[Site "http://www.queenalice.com/game.php?id=1102641"]
[Date "2012.9.13"]
[Round "1"]
[White "hba111"]
[Black "Stefan179"]
[Result "1-0"]
[WhiteElo "2395"]
[BlackElo "1996"]

1. Nf3 Nf6 2. g3 d5 3. Bg2 c6 4. O-O Bg4 5. c4 e6 6. cxd5 Bxf3 7. Bxf3 cxd5 8.
d4 Nc6 9. Nc3 Be7 10. e3 O-O 11. Qe2 Rc8 12. Bd2 Na5 13. Rfc1 Nc4 14. Be1 a6 15.
e4 dxe4 16. Nxe4 b5 17. Nxf6+ Bxf6 18. Bb4 Be7 19. Bb7 Rb8 20. Bxe7 Qxe7 21.
Bxa6 Nd6 22. a4 Qd7 23. axb5 Nxb5 24. Bxb5 Qxb5 25. Qxb5 Rxb5 26. Rc2 Rb4 27.
Rd1 Rd8 28. Kf1 g6 29. Ke2 Rdxd4 30. Rxd4 Rxd4 31. b3 1-0

[Event "AUTO-MASTER-1731"]
[Site "http://www.queenalice.com/game.php?id=1102642"]
[Date "2012.9.13"]
[Round "1"]
[White "Stefan179"]
[Black "franz_ferdinand"]
[Result "1-0"]
[WhiteElo "1975"]
[BlackElo "2112"]

1. d4 e6 2. c4 Bb4+ 3. Bd2 Qe7 4. g3 Nf6 5. Nf3 O-O 6. Bg2 d5 7. O-O Nc6 8. Bg5
h6 9. Bxf6 Qxf6 10. c5 b6 11. a3 Ba5 12. b4 bxc5 13. bxa5 cxd4 14. Nbd2 Nxa5 15.
Qa4 Nc4 16. Nxc4 dxc4 17. Nxd4 Rb8 18. Qxc4 1-0

[Event "AUTO-MASTER-1731"]
[Site "http://www.queenalice.com/game.php?id=1102643"]
[Date "2012.9.13"]
[Round "1"]
[White "franz_ferdinand"]
[Black "Stefan179"]
[Result "1-0"]
[WhiteElo "2088"]
[BlackElo "1992"]

1. d4 Nf6 2. c4 e6 3. Nf3 b6 4. Bg5 Bb7 5. e3 h6 6. Bh4 Be7 7. Nbd2 Ne4 8. Bxe7
Qxe7 9. a3 c5 10. Be2 O-O 11. O-O d6 12. Nxe4 Bxe4 13. Rc1 Nd7 14. Nd2 Bg6 15.
Nf3 Rfd8 16. Bd3 Bxd3 17. Qxd3 Nf6 18. Rfd1 Rd7 19. Nd2 Rad8 20. Ne4 Nxe4 21.
Qxe4 d5 22. Qe5 f6 23. Qf4 dxc4 24. Rxc4 e5 25. Qe4 Qe6 26. Rcc1 cxd4 27. exd4
Rxd4 28. Rxd4 Rxd4 29. Qa8+ Kh7 30. Qxa7 Qc4 31. Rf1 1-0

[Event "AUTO-MASTER-1731"]
[Site "http://www.queenalice.com/game.php?id=1102645"]
[Date "2012.9.13"]
[Round "1"]
[White "jck2"]
[Black "Stefan179"]
[Result "1-0"]
[WhiteElo "1925"]
[BlackElo "1980"]

1. d4 Nf6 2. c4 e6 3. Nc3 Bb4 4. a3 Bxc3+ 5. bxc3 c5 6. Nf3 Nc6 7. e3 d6 8. Bb2
O-O 9. Be2 b6 10. O-O e5 11. d5 Na5 12. Qc2 Qe7 13. e4 Ne8 14. Rfd1 f5 15. Bd3
f4 16. h3 g5 17. Rab1 h5 18. Nh2 g4 19. hxg4 hxg4 20. Qd2 Qh4 21. g3 fxg3 22.
fxg3 Qxg3+ 23. Qg2 1-0

[Event "AUTO-MASTER-1935"]
[Site "http://www.queenalice.com/game.php?id=1211850"]
[Date "2013.8.27"]
[Round "1"]
[White "Sambafor"]
[Black "Stefan179"]
[Result "0-1"]
[WhiteElo "2112"]
[BlackElo "1983"]

1. d4 d5 2. c4 dxc4 3. Nf3 Nf6 4. Nc3 a6 5. e4 b5 6. a4 b4 7. Na2 e6 8. e5 Nd5
9. Bxc4 a5 10. O-O Be7 11. Be3 O-O 12. b3 c5 13. Bxd5 Qxd5 14. dxc5 Bb7 15. Qxd5
Bxd5 16. Nc1 Na6 17. Nd2 Nxc5 18. Rb1 Rac8 19. Ne2 Nd3 20. Nf4 Nxe5 21. Nxd5
exd5 22. f4 Nd3 23. Nf3 Bc5 24. Bxc5 Nxc5 25. Rfd1 Ne4 26. Rbc1 Nc3 27. Rd2 Ne2+
0-1

[Event "AUTO-MASTER-1935"]
[Site "http://www.queenalice.com/game.php?id=1211851"]
[Date "2013.8.27"]
[Round "1"]
[White "Stefan179"]
[Black "Sambafor"]
[Result "1/2-1/2"]
[WhiteElo "2049"]
[BlackElo "2129"]

1. e4 g6 2. d4 Bg7 3. Nc3 d6 4. Be3 Nc6 5. Qd2 e5 6. Nge2 f5 7. exf5 Bxf5 8. d5
Nce7 9. Ng3 Bd7 10. Nce4 Nf6 11. Nxf6+ Bxf6 12. Ne4 Bg7 13. Bg5 h6 14. Bf6 O-O
15. Bxg7 Kxg7 16. O-O-O Ng8 17. Bd3 Nf6 18. Nxf6 Qxf6 19. f3 Bf5 20. Rde1 Rf7
21. Kb1 Raf8 22. Be4 Qe7 23. Qd3 Bxe4 24. Rxe4 Qg5 25. Rg4 Qf5 26. Qxf5 Rxf5 27.
Re1 Rf4 28. Rxf4 Rxf4 29. c3 Kf6 30. Kc2 Kf5 31. Kd3 Ra4 32. a3 Rh4 33. Re2 g5
34. g3 Ra4 35. h3 h5 36. Re4 Ra5 37. c4 c6 38. g4+ hxg4 39. hxg4+ Kf6 40. dxc6
bxc6 41. Re2 d5 42. Rh2 Kg6 43. Re2 Kf6 44. Rh2 Kg6 45. Re2 Kf6 1/2-1/2

[Event "AUTO-MASTER-1935"]
[Site "http://www.queenalice.com/game.php?id=1211866"]
[Date "2013.8.27"]
[Round "1"]
[White "alexsandrob3478"]
[Black "Stefan179"]
[Result "0-1"]
[WhiteElo "1783"]
[BlackElo "1975"]

1. d4 d5 2. c4 dxc4 3. Nc3 a6 4. Nf3 b5 5. a4 b4 6. Na2 e6 7. e3 Nf6 8. Bxc4 Bb7
9. O-O Nbd7 10. Bd2 a5 11. Nc1 Bd6 12. Re1 O-O 13. h3 c5 14. dxc5 Nxc5 15. Nd4
Be5 16. Ncb3 Nxb3 17. Bxb3 Bxd4 18. exd4 Qxd4 19. Rb1 Rfd8 20. Be3 Qe4 21. Qe2
Qxg2# 0-1

[Event "AUTO-MASTER-1935"]
[Site "http://www.queenalice.com/game.php?id=1211867"]
[Date "2013.8.27"]
[Round "1"]
[White "Stefan179"]
[Black "alexsandrob3478"]
[Result "1-0"]
[WhiteElo "1962"]
[BlackElo "1885"]

1. e4 c5 2. Nc3 d6 3. g3 Nf6 4. Bg2 g6 5. d3 Bg7 6. h3 O-O 7. Be3 Nc6 8. f4 Nh5
9. g4 Nf6 10. Nf3 Qc7 11. O-O e6 12. Qd2 a6 13. f5 exf5 14. gxf5 gxf5 15. exf5
Bxf5 16. Nh4 Bg6 17. Nf5 Ne5 18. Nxg7 Kxg7 19. Bh6+ 1-0

[Event "AUTO-MASTER-1935"]
[Site "http://www.queenalice.com/game.php?id=1211878"]
[Date "2013.8.27"]
[Round "1"]
[White "Stefan179"]
[Black "Zugswang"]
[Result "1-0"]
[WhiteElo "2004"]
[BlackElo "2178"]

1. e4 Nf6 2. e5 Nd5 3. c4 Nb6 4. d4 d6 5. exd6 cxd6 6. Nc3 g6 7. Be3 Bg7 8. Rc1
O-O 9. b3 e5 10. dxe5 Bxe5 11. Nf3 Bg4 12. Be2 Bxf3 13. Bxf3 Nc6 14. O-O Nd7 15.
Ne4 Qc7 16. g3 Nf6 17. Nc3 a6 18. Bg2 Qa5 19. Na4 Ne8 20. Bb6 Qb4 21. c5 Rc8 22.
Rc4 Qa3 23. Qd2 d5 24. Bxd5 Nc7 25. Bxc6 bxc6 26. f4 Bg7 27. Bxc7 Rxc7 28. f5 f6
29. Nc3 g5 30. Nb1 Rd7 31. Qxd7 Qxa2 32. Re4 Kh8 33. Re8 Qxb3 34. Qe7 Qg8 35.
Rxf8 1-0

[Event "AUTO-MASTER-1935"]
[Site "http://www.queenalice.com/game.php?id=1211879"]
[Date "2013.8.27"]
[Round "1"]
[White "Zugswang"]
[Black "Stefan179"]
[Result "0-1"]
[WhiteElo "2179"]
[BlackElo "2027"]

1. e4 e5 2. f4 Bc5 3. Nf3 d6 4. Bc4 Nf6 5. d3 Nc6 6. c3 O-O 7. a3 d5 8. exd5
Nxd5 9. fxe5 Nxe5 10. Nxe5 Re8 11. d4 Qh4+ 12. Kf1 Rxe5 13. g3 Bh3+ 14. Kg1 Qe4
15. Bf1 Ne3 16. Nd2 Qxh1+ 17. Kxh1 Nxd1 18. dxe5 Nf2+ 19. Kg1 Nd3+ 20. Kh1 Bxf1
21. Nxf1 Nxe5 22. Bf4 Bd6 23. Ne3 g6 24. Rd1 f6 25. c4 Rd8 26. b4 Kf7 27. c5 Be7
28. Rf1 Ke6 29. Re1 Nd3 30. Re2 Nxf4 31. gxf4 Kf7 32. Nc4 b6 33. cxb6 cxb6 34.
Kg2 Rd4 35. Ne3 a5 36. Kf3 Bd6 37. Ng2 axb4 38. axb4 Rxb4 39. h4 f5 40. Re3 b5
41. Rd3 Ke6 42. Re3+ Kd7 43. Ra3 Rxf4+ 44. Nxf4 Bxa3 0-1

[Event "AUTO-MASTER-1935"]
[Site "http://www.queenalice.com/game.php?id=1260349"]
[Date "2014.2.27"]
[Round "2"]
[White "Stefan179"]
[Black "Licaon86"]
[Result "0-1"]
[WhiteElo "2072"]
[BlackElo "2340"]

1. d4 e6 2. e4 d5 3. Nc3 Bb4 4. e5 c5 5. Bd2 Ne7 6. Nb5 Bxd2+ 7. Qxd2 O-O 8. f4
a6 9. Nd6 Qb6 10. O-O-O cxd4 11. Nf3 Nbc6 12. Bd3 f5 13. Rhg1 Nb4 14. Kb1 Nxd3
15. Qxd3 Bd7 16. Nxd4 Nc6 17. N4xf5 Kh8 18. g4 exf5 19. Qxd5 Nd8 20. Nc4 Qc7 21.
Qxd7 Qxc4 22. gxf5 Qf7 23. e6 Qxd7 24. Rxd7 Rxf5 25. Rgxg7 Nxe6 26. Rxh7+ Kg8
27. Rxb7 Rxf4 28. a3 Rf1+ 29. Ka2 Rc8 30. Rh6 Rc6 31. Re7 Nd4 32. Rxc6 Nxc6 33.
Re6 Nd4 34. Rxa6 Nxc2 35. Rg6+ Kf7 0-1

[Event "AUTO-MASTER-1935"]
[Site "http://www.queenalice.com/game.php?id=1260350"]
[Date "2014.2.27"]
[Round "2"]
[White "Licaon86"]
[Black "Stefan179"]
[Result "1-0"]
[WhiteElo "2344"]
[BlackElo "2067"]

1. c4 e5 2. Nc3 Nf6 3. g3 Bb4 4. Bg2 O-O 5. Qb3 a5 6. a3 Bxc3 7. Qxc3 Re8 8. d3
d5 9. cxd5 Nxd5 10. Qc2 Nc6 11. e3 Be6 12. Ne2 Qd7 13. O-O Bh3 14. b3 Bxg2 15.
Kxg2 Re6 16. Bb2 Rae8 17. Ng1 Rd6 18. Nf3 f6 19. Qc4 Kh8 20. Rfd1 Rd8 21. d4 e4
22. Nd2 f5 23. Qe2 Rh6 24. Kg1 Nf6 25. f3 exf3 26. Nxf3 Qd5 27. Rd3 Ng4 28. Rad1
Re8 29. Rc1 Rhe6 30. Ne5 Ngxe5 31. dxe5 Qb5 32. a4 Qa6 33. Rc5 1-0